000
00321nam a2200121Ia 4500
008
241028s9999 xx 000 0 und d
041
_a
eng
082
_a
658.421 MAR
100
_a
Jaycee Martin
245
_a
Entrepreneurial Policy Reforms And Strategies
260
_b
Willford Press
_a
USA
_c
2023
300
_a
167;. P. 23 cm
999
_c
42940
_d
42940